Articles of Faith: (Record no. 180588)

MARC details
000 -LEADER
fixed length control field 00633nam a22001937a 4500
005 - DATE AND TIME OF LATEST TRANSACTION
control field 20210812112100.0
010 ## - LCCN (DPL NO)
LC control number ENG-129835
020 ## - INTERNATIONAL STANDARD BOOK NUMBER
Terms of availability 575.00
International Standard Book Number 978-0-19-948936-7
035 ## - SYSTEM CONTROL NUMBER
System control number EN-113367
037 ## - SOURCE OF ACQUISITION
Source of stock number/acquisition DBAD/PUB
082 ## - DEWEY DECIMAL CLASSIFICATION NUMBER
Classification number 344.54096
100 ## - MAIN ENTRY--PERSONAL NAME
Personal name Sen, Ronojoy
245 ## - TITLE STATEMENT
Title Articles of Faith:
Remainder of title Religion, Secularism, and the Indian Supreme Court/
Statement of responsibility, etc Ronojoy Sen
250 ## - EDITION STATEMENT
Edition statement 2019
260 ## - PUBLICATION, DISTRIBUTION, ETC. (IMPRINT)
Name of publisher, distributor, etc Oxford University press
Date of publication, distribution, etc 2019
Place of publication, distribution, etc New Delhi
270 ## - ADDRESS
Address 2/11 Ground floor,Ansari Road,Daryaganj
City New Delhi
Postal code 110002
300 ## - PHYSICAL DESCRIPTION
Extent 253 p.
Dimensions 22cm (hbk)
Other physical details Bibiliography, Index
942 ## - ADDED ENTRY ELEMENTS (KOHA)
Source of classification or shelving scheme Dewey Decimal Classification
Item type English Books
Classification part 344.54096
Call number prefix SEN
Holdings
Withdrawn status Lost status Not for loan Collection code Home library Current library Date acquired Source of acquisition Cost, normal purchase price Full call number Barcode Copy number Cost, replacement price Koha item type
      Non-fiction Shahdara Branch Shahdara Branch 12/08/2021 DBAD/PUB 575.00 344.54096 EN-113367 1 575.00 English Books

© Delhi Public Library
Hit Counter
free hit counter